[Event "CP-2012-P-00042"]
[Site "LSS email"]
[Date "2012.10.01"]
[Round "?"]
[White "Gatto, Valeria"]
[Black "Kratky, Josef"]
[Result "1-0"]
[WhiteElo "894"]
[BlackElo "1124"]
[PlyCount "51"]
[EventDate "2012.10.05"]
[EventType "tourn (corr)"]
[EventRounds "6"]
[EventCountry "GER"]
[SourceTitle "Telechess CBM 161"]
[Source "ChessBase"]
[SourceDate "2014.07.16"]
[SourceVersion "1"]
[SourceVersionDate "2014.07.16"]
[SourceQuality "1"]

1. e4 c5 2. Nf3 d6 3. d4 cxd4 4. Nxd4 Nf6 5. Nc3 a6 6. Bg5 e6 7. f4 Nbd7 8. Qf3 Qc7 9. 0-0-0 b5 10. Bd3 Bb7 11. Rhe1 Rc8 12. Kb1 Be7 13. Qg3 Nc5 14. Bxf6 Bxf6 15. e5 dxe5 16. fxe5 Be7 17. Qxg7 Rf8 18. Bxh7 b4 19. Nce2 Na4 20. Nxe6 Qc6 21. Nxf8 Bxf8 22. Qf6 Be7 23. Qh8+ Bf8 24. e6 fxe6 25. Bg6+ Ke7 26. Qh4# 1-0

[Event "ZN-2012-0-02054"]
[Site "LSS email"]
[Date "2012.09.21"]
[Round "?"]
[White "Gomez, Pablo"]
[Black "Gatto, Valeria"]
[Result "0-1"]
[WhiteElo "655"]
[BlackElo "956"]
[PlyCount "42"]
[EventDate "2012.09.12"]
[EventType "match (corr)"]
[EventRounds "2"]
[EventCountry "GER"]
[SourceTitle "Telechess CBM 165"]
[Source "ChessBase"]
[SourceDate "2015.03.11"]
[SourceVersion "1"]
[SourceVersionDate "2015.03.11"]
[SourceQuality "1"]

1. e3 e5 2. d3 d5 3. Ne2 c5 4. Ng3 Nc6 5. Be2 f5 6. Nd2 Nf6 7. c4 Be7 8. b3 0-0 9. Bb2 f4 10. exf4 exf4 11. Nh5 Nxh5 12. Bxh5 Nb4 13. Be2 dxc4 14. dxc4 Bf5 15. Rc1 Bf6 16. Bxf6 Qxf6 17. 0-0 Nxa2 18. Ra1 Nc3 19. Qe1 Rfe8 20. Nf3 Nxe2+ 21. Kh1 Ng3+ 0-1

[Event "SF-2012-0-00160"]
[Site "LSS email"]
[Date "2012.08.14"]
[Round "?"]
[White "Gatto, Valeria"]
[Black "Trevis, Robert R"]
[Result "0-1"]
[WhiteElo "900"]
[BlackElo "1005"]
[PlyCount "70"]
[EventDate "2012.07.21"]
[EventType "tourn (corr)"]
[EventRounds "6"]
[EventCountry "GER"]
[SourceTitle "Telechess CBM 159"]
[Source "ChessBase"]
[SourceDate "2014.03.17"]
[SourceVersion "1"]
[SourceVersionDate "2014.03.17"]
[SourceQuality "1"]

1. d4 Nf6 2. c4 e6 3. g3 d5 4. Nf3 Be7 5. cxd5 exd5 6. Bg2 0-0 7. 0-0 c5 8. Nc3 Nc6 9. Bg5 cxd4 10. Nxd4 h6 11. Be3 Bg4 12. Qa4 Nxd4 13. Bxd4 Bd7 14. Qb3 Bc6 15. Rad1 Qd6 16. Bxf6 Qxf6 17. Nxd5 Qe6 18. Nxe7+ Qxe7 19. Bxc6 bxc6 20. Rd2 Rab8 21. Qc2 Qe6 22. b3 Rfd8 23. Rfd1 Rxd2 24. Rxd2 Re8 25. e3 Qe4 26. Qxe4 Rxe4 27. Rd8+ Kh7 28. Rd7 a5 29. Rxf7 Kg6 30. Rc7 Re6 31. Kf1 Kf6 32. Ke2 g6 33. f3 Ke5 34. Ra7 c5 35. Rxa5 Kd5 0-1

[Event "SF-2012-0-00160"]
[Site "LSS email"]
[Date "2012.08.14"]
[Round "?"]
[White "Popov, Misha"]
[Black "Gatto, Valeria"]
[Result "1-0"]
[WhiteElo "901"]
[BlackElo "900"]
[PlyCount "24"]
[EventDate "2012.07.21"]
[EventType "tourn (corr)"]
[EventRounds "6"]
[EventCountry "GER"]
[SourceTitle "Corr 2015"]
[Source "ChessBase"]
[SourceDate "2015.07.17"]
[SourceVersion "1"]
[SourceVersionDate "2015.07.17"]
[SourceQuality "1"]

1. e4 c6 2. d4 d5 3. Nc3 dxe4 4. Nxe4 Nd7 5. c4 Ngf6 6. Bd3 Nxe4 7. Bxe4 Nf6 8. Bc2 e6 9. Ne2 b5 10. cxb5 cxb5 11. 0-0 Bb7 12. Bg5 Qd5 1-0

[Event "SF-2012-0-00160"]
[Site "LSS email"]
[Date "2012.08.14"]
[Round "?"]
[White "Winter, Malcolm J"]
[Black "Gatto, Valeria"]
[Result "1-0"]
[WhiteElo "1175"]
[BlackElo "900"]
[PlyCount "57"]
[EventDate "2012.07.21"]
[EventType "tourn (corr)"]
[EventRounds "6"]
[EventCountry "GER"]
[SourceTitle "Telechess CBM 159"]
[Source "ChessBase"]
[SourceDate "2014.03.17"]
[SourceVersion "1"]
[SourceVersionDate "2014.03.17"]
[SourceQuality "1"]

1. d4 d5 2. Nf3 Nf6 3. c4 e6 4. Nc3 Bb4 5. Qc2 0-0 6. a3 Bxc3+ 7. Qxc3 Ne4 8. Qc2 b6 9. Bf4 c5 10. e3 Bb7 11. Bd3 Nd7 12. cxd5 exd5 13. 0-0 Rc8 14. Qa4 a6 15. Rfc1 c4 16. Bxe4 dxe4 17. Ne5 b5 18. Qd1 Nb6 19. Qg4 Re8 20. Bh6 Qf6 21. Bg5 Qe6 22. Qg3 f6 23. Bh6 Re7 24. Ng4 gxh6 25. Nxf6+ Kh8 26. Nh5 Qf5 27. Qd6 Re6 28. Ng3 Qxf2+ 29. Kxf2 1-0

[Event "BI-2012-P-00028"]
[Site "LSS email"]
[Date "2012.04.20"]
[Round "?"]
[White "Quirk, Michael"]
[Black "Gatto, Valeria"]
[Result "1-0"]
[WhiteElo "1878"]
[BlackElo "900"]
[PlyCount "67"]
[EventDate "2012.04.22"]
[EventType "tourn (corr)"]
[EventRounds "10"]
[EventCountry "GER"]
[SourceTitle "Telechess CBM 159"]
[Source "ChessBase"]
[SourceDate "2014.03.17"]
[SourceVersion "1"]
[SourceVersionDate "2014.03.17"]
[SourceQuality "1"]

1. b3 d5 2. Bb2 Bg4 3. g3 c6 4. Bg2 Nd7 5. Nf3 Ngf6 6. 0-0 e6 7. c4 Bd6 8. d4 0-0 9. Nbd2 Be7 10. a3 h6 11. Nh4 Ne8 12. h3 Bh5 13. Nhf3 Bg6 14. Ne5 Nxe5 15. dxe5 Qd7 16. e4 Nc7 17. Qg4 h5 18. Qe2 Rfd8 19. Rad1 a5 20. f4 Rac8 21. g4 Bc5+ 22. Kh2 hxg4 23. Qxg4 Bh7 24. f5 Qe7 25. Nf3 Be3 26. f6 Qf8 27. Ng5 Bg6 28. exd5 cxd5 29. Qg3 Bxg5 30. Qxg5 Bc2 31. Rd4 g6 32. Rh4 dxc4 33. Rh6 cxb3 34. Rf4 1-0

[Event "ZN-2012-0-01841"]
[Site "LSS email"]
[Date "2012.02.12"]
[Round "?"]
[White "Gonzalez Casariego, Domingo"]
[Black "Gatto, Valeria"]
[Result "0-1"]
[WhiteElo "1087"]
[BlackElo "807"]
[PlyCount "36"]
[EventDate "2012.02.05"]
[EventType "match (corr)"]
[EventRounds "2"]
[EventCountry "GER"]
[SourceTitle "Telechess CBM 153"]
[Source "ChessBase"]
[SourceDate "2013.03.14"]
[SourceVersion "1"]
[SourceVersionDate "2013.03.14"]
[SourceQuality "1"]

1. e4 e5 2. f4 Bc5 3. Nf3 d6 4. Nc3 Nf6 5. Bc4 Nc6 6. Na4 Nxe4 7. Nxc5 Nxc5 8. 0-0 0-0 9. d4 exd4 10. Nxd4 Re8 11. Nxc6 bxc6 12. Re1 d5 13. Rxe8+ Qxe8 14. Bf1 Ba6 15. Bxa6 Nxa6 16. a3 Nc5 17. b4 Ne4 18. Qd4 a5 0-1

[Event "SN-2011-0-00399"]
[Site "LSS email"]
[Date "2011.11.10"]
[Round "?"]
[White "Pehl, Ferenc"]
[Black "Gatto, Valeria"]
[Result "0-1"]
[WhiteElo "923"]
[BlackElo "765"]
[PlyCount "72"]
[EventDate "2011.11.01"]
[EventType "tourn (corr)"]
[EventRounds "6"]
[EventCountry "GER"]
[SourceTitle "Telechess CBM 155"]
[Source "ChessBase"]
[SourceDate "2013.07.16"]
[SourceVersion "1"]
[SourceVersionDate "2013.07.16"]
[SourceQuality "1"]

1. e4 c5 2. Nf3 d6 3. d4 cxd4 4. Nxd4 Nf6 5. Nc3 g6 6. Be2 Bg7 7. 0-0 0-0 8. Rb1 Nc6 9. Nxc6 bxc6 10. Be3 Qc7 11. a3 d5 12. exd5 Rd8 13. Bf3 Nxd5 14. Nxd5 cxd5 15. c3 Rb8 16. Qc1 Bf5 17. Ra1 Be5 18. h3 Be4 19. Bxe4 dxe4 20. Rb1 a6 21. Rd1 Rxd1+ 22. Qxd1 Qc4 23. g3 Qa2 24. Bd4 Bxd4 25. cxd4 Rb3 26. Qc1 e3 27. fxe3 Rxe3 28. Qxe3 Qxb1+ 29. Kf2 Qxb2+ 30. Kf3 e6 31. h4 Qc2 32. Qe2 Qxe2+ 33. Kxe2 Kf8 34. Kd3 Ke7 35. Kc4 Kd6 36. a4 f6 0-1

[Event "SN-2011-0-00399"]
[Site "LSS email"]
[Date "2011.11.08"]
[Round "?"]
[White "Gatto, Valeria"]
[Black "Secondi, Alberto"]
[Result "1-0"]
[WhiteElo "765"]
[BlackElo "686"]
[PlyCount "47"]
[EventDate "2011.11.01"]
[EventType "tourn (corr)"]
[EventRounds "6"]
[EventCountry "GER"]
[SourceTitle "Telechess CBM 157"]
[Source "ChessBase"]
[SourceDate "2013.11.12"]
[SourceVersion "1"]
[SourceVersionDate "2013.11.12"]
[SourceQuality "1"]

1. e4 g6 2. d4 Bg7 3. c4 d6 4. f4 Nf6 5. Nc3 0-0 6. Bd3 c6 7. Nf3 Nbd7 8. e5 dxe5 9. fxe5 Ne8 10. Qe2 Nc7 11. h4 b6 12. h5 Ne6 13. Be3 Bb7 14. 0-0-0 c5 15. d5 Nc7 16. e6 fxe6 17. dxe6 Nxe6 18. hxg6 hxg6 19. Bxg6 Nf6 20. Rxd8 Raxd8 21. Ng5 Nxg5 22. Bxg5 Rd6 23. Nb5 Rd7 24. Qe6+ 1-0

[Event "OP-2010-0-01238"]
[Site "LSS email"]
[Date "2010.08.20"]
[Round "?"]
[White "Gatto, Valeria"]
[Black "Shim Ng Min, Francis"]
[Result "1-0"]
[WhiteElo "715"]
[BlackElo "1404"]
[PlyCount "53"]
[EventDate "2010.08.15"]
[EventType "tourn (corr)"]
[EventRounds "4"]
[EventCountry "GER"]
[SourceTitle "Telechess CBM 143"]
[Source "ChessBase"]
[SourceDate "2011.07.15"]
[SourceVersion "1"]
[SourceVersionDate "2011.07.15"]
[SourceQuality "1"]

1. e4 c5 2. Nf3 e6 3. d4 cxd4 4. Nxd4 Nf6 5. Nc3 Nc6 6. Nxc6 bxc6 7. e5 Nd5 8. Ne4 f5 9. exf6 Nxf6 10. Nd6+ Bxd6 11. Qxd6 Qb6 12. Qa3 Rb8 13. Bd3 a5 14. 0-0 Qb4 15. Qxb4 Rxb4 16. Rb1 Rb8 17. Bf4 Ra8 18. Bd6 Kf7 19. c4 Ba6 20. Rfe1 Ne8 21. Be5 d5 22. b3 Nf6 23. Re3 h6 24. Rg3 Bc8 25. Re1 Bd7 26. Bg6+ Ke7 27. h4 1-0

[Event "SN-2010-0-00269"]
[Site "LSS email"]
[Date "2010.08.20"]
[Round "?"]
[White "Lebduska, Daniel"]
[Black "Gatto, Valeria"]
[Result "1-0"]
[WhiteElo "572"]
[BlackElo "611"]
[PlyCount "43"]
[EventDate "2010.08.05"]
[EventType "tourn (corr)"]
[EventRounds "6"]
[EventCountry "GER"]
[SourceTitle "Telechess CBM 143"]
[Source "ChessBase"]
[SourceDate "2011.07.15"]
[SourceVersion "1"]
[SourceVersionDate "2011.07.15"]
[SourceQuality "1"]

1. e4 e5 2. Nf3 Nf6 3. d3 Bc5 4. h3 0-0 5. Nc3 Nc6 6. Be3 Bxe3 7. fxe3 d6 8. Qe2 Be6 9. 0-0-0 h6 10. Kb1 a5 11. d4 exd4 12. exd4 d5 13. e5 Nd7 14. g4 Qe7 15. a3 Nb6 16. Qd3 Nc4 17. Nd2 Nb6 18. Nb3 Nd7 19. Bg2 b6 20. Bxd5 Bxd5 21. Nxd5 Qd8 22. Qe4 1-0

[Event "SN-2010-0-00269"]
[Site "LSS email"]
[Date "2010.08.20"]
[Round "?"]
[White "Tassinati, Mirco"]
[Black "Gatto, Valeria"]
[Result "0-1"]
[WhiteElo "825"]
[BlackElo "788"]
[PlyCount "42"]
[EventDate "2010.08.05"]
[EventType "tourn (corr)"]
[EventRounds "6"]
[EventCountry "GER"]
[SourceTitle "Corr 2022"]
[Source "ChessBase"]
[SourceDate "2021.10.24"]
[SourceVersion "1"]
[SourceVersionDate "2021.10.24"]
[SourceQuality "1"]

1. e4 e5 2. Nf3 Nf6 3. Nxe5 d6 4. Nc4 Nxe4 5. Qe2 Qe7 6. d3 Nf6 7. Qxe7+ Bxe7 8. Nc3 Nc6 9. Be2 0-0 10. 0-0 d5 11. Na3 Nd4 12. Be3 Nxe2+ 13. Nxe2 Bxa3 14. bxa3 Re8 15. Nf4 c6 16. c4 Bf5 17. Rab1 g5 18. Nh3 Bxd3 19. Rxb7 Bxf1 20. Kxf1 h6 21. Bd4 Ne4 0-1

[Event "LSS SN-2008-0-00115"]
[Site "LSS email"]
[Date "2008.09.18"]
[Round "?"]
[White "Gatto, Valeria"]
[Black "Petidis, Kostas"]
[Result "1-0"]
[WhiteElo "800"]
[BlackElo "748"]
[PlyCount "39"]
[EventDate "2008.09.12"]
[EventType "tourn (corr)"]
[EventRounds "6"]
[EventCountry "GER"]
[SourceTitle "Corr 2011"]
[Source "ChessBase"]
[SourceDate "2010.08.31"]
[SourceVersion "1"]
[SourceVersionDate "2010.08.31"]
[SourceQuality "1"]

1. e4 c5 2. Nf3 d6 3. d4 cxd4 4. Nxd4 Nf6 5. Nc3 g6 6. Be3 Bg7 7. f3 0-0 8. Qd2 Nc6 9. 0-0-0 d5 10. exd5 Nxd5 11. Nxd5 Qxd5 12. Nxc6 Qxc6 13. h4 Bf5 14. Bd3 Rfd8 15. Qe2 Bxd3 16. Rxd3 Rxd3 17. Qxd3 a6 18. Rd1 e6 19. Kb1 b5 20. Bd4 1-0